000 00417nam a2200181Ia 4500
001 4683
005 20260306145813.0
008 260306t2002||||xx |||||||||||||| ||spa||
041 _aESP
082 _a330
_bM58 2002
100 _aMiller, Roger LeRoy
_eAUT
245 0 _aEconomía hoy
260 _c2002
300 _axxxiv, 833 páginas :
_c27 cm.
650 _aGEN
654 _aCAN
942 _cLIB
_dJUS
_fJUS
_2ddc
_n
999 _c4683
_d4683